000 00907nam a22002897a 4500
001 5031
003 FISKH
005 20241101112350.0
008 241101b cb ||||| |||| 00| 0 eng d
020 _a9780618152438
040 _aFISKH
_beng
_cFISKH
_dFISKH
050 _aQL759.J46
082 _a591.47
100 _aJenkins, Steve
_d(1952–2021)
245 _aWhat do you do when something wants to eat you? /
_cBy Steve Jenkins
250 _aPrinting in 1997
260 _aNew York :
_bHoughton Mifflin,
_c1997.
300 _a29 pages :
_bColor illustrations ;
_c21 cm
505 _aR
520 _aDescribes how various animals, including an octopus, a bombadier beetle, a puff adder, and a gliding frog, escape danger.
521 8 _a760L
_bLexile
521 8 _aR
_bRaz-Plus
650 _2Non-fiction
_aFood chain
650 _2Science
_aNature
942 _2ddc
_cBK
_n0
999 _c5031
_d5031